000 00632nam a2200253Ia 4500
005 20260121155547.0
008 008 260114s9999 xx 000 0 eng d
020 _a9780429504105
037 _aEBOOK
040 _aCRL
040 _beng
040 _cCRL
041 _2eng
041 _aeng
084 _qCRL
100 _a Brychan Celfyn Thomas; Alun Merlyn Thomas
_91021016
245 4 _aThe Business of New Process Diffusion
260 _bTaylor and Francis
260 _c2019
856 _uhttp://www.taylorfrancis.com/books/9780429504105
942 _cEBOOK
999 _c1587835
_d1587835